வௌிநாட்டுக் கடன்கள் (நீக்குதல்) : 1957 ஆம் ஆண்டின் 29 ஆம் இலக்க, வௌிநாட்டுக் கடன்கள் சட்டத்தினை நீக்குவதற்கானதொரு சட்டமூலம் /

Velinattu kadankal ...
Saved in:
Bibliographic Details
Format: Book
Language:English
Published: கொழும்பு : அரசாங்க வெளியீட்டலுவலகம், 2025.
Tags: Add Tag
No Tags, Be the first to tag this record!

MARC

LEADER 00000nam a22000007a 4500
003 LK-CoNLD
005 20260210134853.0
008 260210b xxu||||| |||| 00| 0 eng d
015 |2 slnb 
017 |a 504600  |b LK-CoDNA 
040 |a LK-CoNLD  |b TAM  |c LK-CoNLD  |d LK-CoNLD 
082 |2 23  |q LK-CoNLD  |a 345.050262  
245 |6 880-1  |a வௌிநாட்டுக் கடன்கள் (நீக்குதல்) :  |b 1957 ஆம் ஆண்டின் 29 ஆம் இலக்க, வௌிநாட்டுக் கடன்கள் சட்டத்தினை நீக்குவதற்கானதொரு சட்டமூலம் /  |c  இலங்கை. பாராளுமன்றம். 
260 |a கொழும்பு :  |b அரசாங்க வெளியீட்டலுவலகம்,  |c 2025. 
300 |a ப. 2 ; 
500 |a 2025 ஆம் ஆண்டுஏப்ரல் மாதம் 11 ஆம் தேதிய பகுதி II இற்குக் குறைநிரப்பி (2025.04.11 ஆம் திகதியன்று வௌியிடப்பட்டது) 
880 |6 245-1  |a Velinattu kadankal ... 
942 |c PARLBILL 
945 |a 22  |b Logeshwary RAMASAMY  |c 22  |d Logeshwary RAMASAMY 
999 |c 297374  |d 297374